| 000 | 01413cam a22004574i 4500 | ||
|---|---|---|---|
| 003 | PE-LiUPU | ||
| 005 | 20250731172858.0 | ||
| 008 | 150623s r 000 0 d | ||
| 020 | _a0310530679 | ||
| 020 | _a9780310530671 | ||
| 035 | _a(Sirsi) a165786 | ||
| 040 |
_aPE-LiUPU _bspa _cPE-LiUPU _erda |
||
| 049 | _aPRUA | ||
| 082 | 0 | 4 |
_a226.5061 _bP28 |
| 100 | 1 |
_aPate, C. Marvin., _eautor. |
|
| 245 | 1 | 4 |
_aThe Writings of john : _bA survey of the gospel, epistles, and Apocalypse / _cC. Marvin Pate. |
| 264 | 1 |
_aEE.UU : _bZondervan, _c2015. |
|
| 300 |
_a558 páginas : _bilustraciones ; _c24 centímetros. |
||
| 336 |
_atext _2rdacontent |
||
| 337 |
_aunmediated _2rdamedia |
||
| 338 |
_avolume _2rdacarrier |
||
| 505 | 0 | _aThe gospel of Jhon -- The espistles Jhon -- Revelation. | |
| 526 | _aSEG42 | ||
| 526 | _aSEG41 | ||
| 526 | _aSEG40 | ||
| 526 | _aSEG39 | ||
| 526 | _aP94 | ||
| 526 | _aP87 | ||
| 526 | _aP86 | ||
| 526 | _aP85 | ||
| 526 | _aP77 | ||
| 526 | _aP76 | ||
| 526 | _aP35 | ||
| 650 | 1 | 4 | _aApocalipsis. |
| 650 | 2 | 4 | _aEpistolas de Juan. |
| 942 |
_2ddc _cBOOK |
||
| 994 |
_aC0 _bPEPRU |
||
| 596 | _a1 | ||
| 999 |
_a226.5061 P28 _wLC _c14534 _i74930 _d14534 _f2021-11-9 _g5 _lCCODEBUL1 _mBUL _q5 _r0 _sY _tBOOK _u2016-12-29 _xTEOLOGIA _PP85 _0COMPRA _o.STAFF. Colección TEOLOGIA |
||
| 980 |
_81 _gALBERTO SANCHEZ Responsable de Automatización |
||